Responses for show #3393 - Wednesday, May 12, 1999

1999 College Championship semifinal game 3.
From the Rosemont Theatre in Rosemont, Illinois.

Contestants

Cameron Blakemore, a junior at Oklahoma State University from Shawnee, Oklahoma

Katie King, a junior at the University of Kentucky from Charleston, West Virginia

Veronica Lee, a junior at the University of Oregon from Eugene, Oregon

Jeopardy! Round responses

U.S. PRESIDENTS
BUSINESS PARTNERS
BORN IN THE WINDY CITY
HIT TUNES
WHAT THE KIDS ARE CALLING IT
BUT IS IT ART?
    $100 9
George H.W. Bush

Veronica
    $100 30
Irv Robbins

Veronica
    $100 28
Pat Sajak

Katie
    $100 7
U2

Katie
    $100 27
411

Katie
    $100 1
Poker

Cameron
    $200 10
(As of the time this show aired.)

John Adams

Katie
    $200 29
Alonzo Decker

Cameron
    $200 18
John Belushi

Katie
    $200 6
Goo Goo Dolls

Veronica
    $200 26
Stoked

Cameron
    $200 2
(K: What is wheat?)

Corn

Katie
Triple Stumper
    $800 21
Johnson (Andrew & Lyndon)

Katie
    $300 11
Wallace Webber

Katie
    $300 12
Edgar Rice Burroughs

Triple Stumper
    $300 5
Sarah McLachlan

Cameron
    $300 15
Hoover

Katie
    $300 3
Bad art

Katie
    $400 22
Theodore Roosevelt

Katie
    $400 19
Edward Williams

Katie
    $400 16
Harrison Ford

Katie
    $400 4
Lauryn Hill

Veronica
    $400 13
Player

Katie
    $400 24
Dishes

Katie
    $500 23
(Alex: ...we've got a minute to go.)

William Henry Harrison

Triple Stumper
    $500 20
Charles Clark

Triple Stumper
    $500 17
Quincy Jones

Katie
    $500 8
Third Eye Blind

Cameron
    $500 14
She's All That

Triple Stumper
    $500 25
Horns

Veronica

Scores at the first commercial break (after clue 15):

Veronica Katie Cameron
$700 $1,400 $900

Scores at the end of the Jeopardy! Round:

Veronica Katie Cameron
$1,300 $4,700 $1,300

Double Jeopardy! Round responses

ROAMIN' THE WORLD
GREEK LIFE
CARIBBEAN TASTE TREATS
THE 12 TRIBES OF ISRAEL
(Alex: Each correct response will be the first name that corresponds to one of the 12 tribes of Israel.)
ENGLISH ROYAL HENRYS
PARDON MY "FRENCH"
    $200 11
Scotland

Cameron
    $200 2
Feta

Cameron
    $200 1
Dominican Republic

Cameron
    $200 6
Dan

Cameron
    $200 30
William the Conqueror

Cameron
    $200 17
French Quarter

Veronica
    $400 12
Nile

Katie
    $400 3
Greek

Katie
    $400 18
Dolphin

Cameron
    $400 7
Benjamin

Katie
    $400 5
Martin Luther

Cameron
    $400 16
French fries

Cameron
    $600 21
(C: What is Newfoundland?)

Halifax

Cameron
Triple Stumper
    $600 19
Clarinet

Katie
    $600 29
(Alex: Well, they taste like chicken!)

Frogs

Veronica
    $600 9
Levi

Cameron
    $600 26
Westminster Abbey

Katie
    $600 13
(V: What is a harpsichord?)

French horn

Veronica
Triple Stumper
    $800 22
Sri Lanka

Katie
    $800 4
Theater

Katie
    $800 24
Armadillo

Cameron
    $800 8
Joseph

Veronica
    $800 27
Henry V

Cameron
    $800 14
(V: What is the French-Indian War?)

French and Indian War

Veronica
Triple Stumper
    $1,500 23
(K: What is Kenya?)

Brazil

Katie
    $1000 20
Persephone

Cameron
    $1000 25
Passion fruit

Katie
    $1000 10
Zebulon

Cameron
    $1,500 28
(C: What are roses &...[time]?)

Lancaster & York

Cameron
    $1000 15
French cuffs

Katie

Scores at the end of the Double Jeopardy! Round:

Veronica Katie Cameron
$1,500 $9,200 $5,600

[wagering suggestions for these scores]

Final Jeopardy! Round responses

RENAISSANCE LITERATURE
VeronicaWhat is [something I have never read] Machielli's
$1,499
CameronWhat is ??
$5,500
KatieWhat is The Prince?
$2,001
"The Prince" (by Machiavelli)

Final scores:

Veronica Katie Cameron
$1 $11,201 $100
3rd place: $5,000 Finalist 2nd place: $5,000

Game dynamics:

Coryat scores:

Veronica Katie Cameron
$1,500 $10,200 $7,100
8 R,
2 W
24 R
(including 1 DD),
2 W
(including 1 DD)
18 R,
2 W
(including 1 DD)

Combined Coryat: $18,800

The J! Archive is created by fans, for fans. The Jeopardy! game show and all elements thereof, including but not limited to copyright and trademark thereto, are the property of Jeopardy Productions, Inc. and are protected under law. This website is not affiliated with, sponsored by, or operated by Jeopardy Productions, Inc. Join the discussion at JBoard.tv.